000 01029nam a22002777a 4500
003 dpl
005 20180910145132.0
008 180910b xxu||||| |||| 00| 0 eng d
010 _aA-650055
020 _c50.00
035 _aA-650055, A-650088
037 _bCen Lib/Ret
040 _aDPL
_bHN
_c0
082 _a
_bभारती
100 _aभारती, अनिल
_961987
245 _aपतझड़ के फूल /
_cअनिल भारती
246 _aPatjhad ke fool /
_bby Anil Bharti
260 _bअनुराग प्रकाशन
_aनई दिल्ली
_c1993
270 _a1073-डी, महरौली
_bनई दिल्ली
_e110030
300 _a124पृ.
_c17सेमी (सजिल्द)
650 _aहिन्दी -- साहित्य
_961988
650 _aहिन्दी -- उपन्यास
_961989
650 _aHindi -- Literature
_961990
650 _aHindi -- Fiction
_927248
942 _2ddc
_cHN
_h
_mभारती
999 _c115567
_d115567